000 00916cam a2200157 4500500
005 20260329004427.0
041 _afre
042 _adc
100 1 0 _aMalcor, Marc
_eauthor
245 0 0 _aMikhaïl Ossorguine Dans une bourgade paisible de France Traduit du russe par Claire Delaunay. Présenté et annoté par Leonid Livak. Verdier, « Poustiaki », 2025, 288 pages, 22 €.
260 _c2025.
500 _a99
520 _aProfesseur, philosophe, romancier, peu importe l’étiquette disciplinaire qui lui est attribuée, ce qu’Umberto Eco a le mieux incarné, c’est le fait qu’avoir des idées est de l’ordre du comique. Si penser, c’est comme rire, rire n’est-il pas une manière de régler ses comptes avec la mort ?
786 0 _nÉtudes | Jui | 6 | 2025-05-21 | p. 121-121 | 0014-1941
856 4 1 _uhttps://shs.cairn.info/revue-etudes-2025-6-page-121?lang=fr&redirect-ssocas=7080
999 _c1833757
_d1833757